<?xml version="1.0" encoding="UTF-8"?>
<record
    xmlns:xsi="http://www.w3.org/2001/XMLSchema-instance"
    xsi:schemaLocation="http://www.loc.gov/MARC21/slim http://www.loc.gov/standards/marcxml/schema/MARC21slim.xsd"
    xmlns="http://www.loc.gov/MARC21/slim">

  <leader>01082nam a22002177a 4500</leader>
  <datafield tag="952" ind1=" " ind2=" ">
    <subfield code="0">0</subfield>
    <subfield code="1">0</subfield>
    <subfield code="4">0</subfield>
    <subfield code="7">0</subfield>
    <subfield code="a">22</subfield>
    <subfield code="b">22</subfield>
    <subfield code="d">2014-08-20</subfield>
    <subfield code="e">Promotora NARO</subfield>
    <subfield code="l">9</subfield>
    <subfield code="m">3</subfield>
    <subfield code="o">LB1051 S667 2011</subfield>
    <subfield code="p">17 001756</subfield>
    <subfield code="r">2018-07-31</subfield>
    <subfield code="s">2018-07-26</subfield>
    <subfield code="t">1</subfield>
    <subfield code="w">2014-08-20</subfield>
    <subfield code="y">LB</subfield>
  </datafield>
  <datafield tag="999" ind1=" " ind2=" ">
    <subfield code="c">93643</subfield>
    <subfield code="d">93643</subfield>
  </datafield>
  <controlfield tag="005">20231102151714.0</controlfield>
  <controlfield tag="008">140820s2011    ag ||||| |||| 00| 0 spa d</controlfield>
  <datafield tag="020" ind1=" " ind2=" ">
    <subfield code="a">9789501260915</subfield>
  </datafield>
  <datafield tag="050" ind1="1" ind2="4">
    <subfield code="a">LB1051</subfield>
    <subfield code="b">S667 2011</subfield>
  </datafield>
  <datafield tag="100" ind1="1" ind2=" ">
    <subfield code="a">Soprano, Ana Mar&#xED;a</subfield>
    <subfield code="e"> / autor</subfield>
  </datafield>
  <datafield tag="245" ind1="1" ind2="0">
    <subfield code="a">C&#xF3;mo evalua el lenguaje en ni&#xF1;os y adolescentes</subfield>
    <subfield code="b">: La hora del juego ling&#xFC;&#xED;stica y otros recursos</subfield>
    <subfield code="c">Ana Mar&#xED;a Soprano</subfield>
  </datafield>
  <datafield tag="260" ind1=" " ind2=" ">
    <subfield code="a">Argentina</subfield>
    <subfield code="b"> : Paid&#xF3;s</subfield>
    <subfield code="c"> , 2011</subfield>
  </datafield>
  <datafield tag="300" ind1=" " ind2=" ">
    <subfield code="a">268 p&#xE1;ginas</subfield>
  </datafield>
  <datafield tag="505" ind1=" " ind2=" ">
    <subfield code="a">La evaluaci&#xF3;n del lenguaje
Las dimensiones del sistema ling&#xFC;&#xED;stico
Trastornos del lenguaje: panorama general
El lenguaje en distintos cuadros cl&#xED;nicos
La evaluaci&#xF3;n del lenguaje oral en la escuela
La evaluaci&#xF3;n temprana del lenguaje
La "Hora de Juego Lig&#xFC;&#xED;stica"</subfield>
  </datafield>
  <datafield tag="519" ind1=" " ind2=" ">
    <subfield code="a">Educaci&#xF3;n Mixta / </subfield>
    <subfield code="b">Psicolog&#xED;a / </subfield>
    <subfield code="c">Psicopatolog&#xED;a (P05-2) / </subfield>
    <subfield code="d">(17 001756)</subfield>
  </datafield>
  <datafield tag="650" ind1="1" ind2="4">
    <subfield code="a">NI&#xD1;OS&#x2014;LENGUAJE</subfield>
  </datafield>
  <datafield tag="650" ind1="2" ind2="4">
    <subfield code="a">COMUNICACI&#xD3;N ORAL--HABILIDAD</subfield>
  </datafield>
  <datafield tag="650" ind1="3" ind2="4">
    <subfield code="a">APTITUDES EN NI&#xD1;OS</subfield>
  </datafield>
  <datafield tag="942" ind1=" " ind2=" ">
    <subfield code="c">LB</subfield>
  </datafield>
</record>
